| 000 | 00439nam a22001577a 4500 | ||
|---|---|---|---|
| 999 |
_c60536 _d60536 |
||
| 005 | 20230815112024.0 | ||
| 008 | 230815s1955 enk||||| |||| 00| 0 eng d | ||
| 080 | _a902 W-83 | ||
| 100 |
_aWoolley, Leonard _919676 |
||
| 245 |
_aEXCAVATIONS AT UR / _cLeonard Woolley. |
||
| 264 |
_aLondon, _c1955. |
||
| 300 |
_a262 p.: _bill.; _c22 cm. |
||
| 653 | _aგათხრები | ||
| 653 | _aარქეოლოგია | ||
| 942 |
_2udc _cBK |
||